|
|
|
|
| LEADER |
01979nam a2200469 i 4500 |
| 001 |
EBC1093965 |
| 003 |
MiAaPQ |
| 005 |
20200520144314.0 |
| 006 |
m o d | |
| 007 |
cr cnu|||||||| |
| 008 |
120806t20132013njua o 001 0 eng|d |
| 020 |
|
|
|z 9781118422939 (cloth)
|
| 020 |
|
|
|a 9781118479469 (e-book)
|
| 035 |
|
|
|a (MiAaPQ)EBC1093965
|
| 035 |
|
|
|a (Au-PeEL)EBL1093965
|
| 035 |
|
|
|a (CaPaEBR)ebr10828139
|
| 035 |
|
|
|a (CaONFJC)MIL418196
|
| 035 |
|
|
|a (OCoLC)805544881
|
| 040 |
|
|
|a MiAaPQ
|b eng
|e rda
|e pn
|c MiAaPQ
|d MiAaPQ
|
| 050 |
|
4 |
|a HG4650
|b .S56 2013
|
| 082 |
0 |
|
|a 332.63/2044
|2 23
|
| 100 |
1 |
|
|a Simko, Sean P.,
|d 1970-
|
| 245 |
1 |
0 |
|a Strategic fixed income investing :
|b an insider's perspective on bond markets, analysis, and portfolio management /
|c Sean P. Simko.
|
| 264 |
|
1 |
|a Hoboken, New Jersey :
|b Wiley,
|c [2013]
|
| 264 |
|
4 |
|c 2013
|
| 300 |
|
|
|a 1 online resource (205 pages) :
|b illustations.
|
| 336 |
|
|
|a text
|2 rdacontent
|
| 337 |
|
|
|a computer
|2 rdamedia
|
| 338 |
|
|
|a online resource
|2 rdacarrier
|
| 440 |
|
0 |
|a Wiley finance series
|
| 500 |
|
|
|a Includes index.
|
| 505 |
0 |
|
|a part one. The investing environment -- part two. The fixed income investor.
|
| 588 |
|
|
|a Description based on print version record.
|
| 590 |
|
|
|a Electronic reproduction. Ann Arbor, MI : ProQuest, 2015. Available via World Wide Web. Access may be limited to ProQuest affiliated libraries.
|
| 650 |
|
0 |
|a Fixed-income securities.
|
| 650 |
|
0 |
|a Bonds.
|
| 650 |
|
0 |
|a Portfolio management.
|
| 650 |
|
0 |
|a Investments.
|
| 655 |
|
4 |
|a Electronic books.
|
| 776 |
0 |
8 |
|i Print version:
|a Simko, Sean P.
|t Strategic fixed income investing : an insider's perspective on bond markets, analysis, and portfolio management.
|d Hoboken, New Jersey : Wiley, [2013]
|h xiii, 189 pages ; 24 cm.
|k Wiley finance series
|z 9781118422939
|w (DLC) 2012030213
|
| 797 |
2 |
|
|a ProQuest (Firm)
|
| 856 |
4 |
0 |
|u https://ebookcentral.proquest.com/lib/matrademy/detail.action?docID=1093965
|z Click to View
|